[Event "Moravia-ch op"]
[Site "Moravia"]
[Date "1996.??.??"]
[Round "?"]
[White "Polak, Tomas"]
[Black "Holemar, David"]
[Result "1-0"]
[WhiteElo "2440"]
[BlackElo "2110"]

1.d4 Nf6 2.c4 g6 3.Nc3 Bg7 4.e4 d6 5.Be2 O-O 6.Nf3 e5 7.d5 Nbd7 8.Bg5 h6
9.Bh4 a5 10.Nd2 Nc5 11.O-O Bd7 12.Kh1 Qe8 13.b3 Nh7 14.a3 h5 15.f3 Bh6 16.Rb1 Be3
17.Qc2 g5 18.Bf2 Bxf2 19.Rxf2 h4 20.b4 axb4 21.axb4 Na6 22.c5 dxc5 23.Bxa6 Rxa6
24.bxc5 Qa8 25.Nc4 Re8 26.Rff1 Qa7 27.Qf2 Kg7 28.Nb5 Bxb5 29.Rxb5 Ra2 30.Rb2 Rxb2
31.Qxb2 Qa6 32.Ne3 Qd3 33.Nf5+ Kg6 34.Qb1 Qxb1 35.Rxb1 Ra8 36.h3 Ra5 37.d6 cxd6
38.cxd6 Nf6 39.Rxb7 Ra1+ 40.Kh2  1-0

[Event "Moravia-ch op"]
[Site "Moravia"]
[Date "1996.??.??"]
[Round "?"]
[White "Michalski, Olaf"]
[Black "Jedryczka, Krystian"]
[Result "1-0"]
[WhiteElo "2305"]
[BlackElo "2135"]

1.d4 Nf6 2.c4 g6 3.Nc3 Bg7 4.e4 d6 5.Nf3 O-O 6.Be2 e5 7.d5 h6 8.h3 Nh7 9.g4 f5
10.gxf5 gxf5 11.exf5 Bxf5 12.Be3 Nd7 13.Qd2 Qf6 14.Rg1 Kh8 15.Rg3 e4 16.Bd4 Ne5
17.Nxe5 dxe5 18.Be3 Ng5 19.O-O-O Nxh3 20.Nxe4 Qh4 21.Nc3 Nf4 22.Rdg1 Rf7
23.Bg4 Bh7 24.f3 Rd8 25.Ne4 h5  1-0

[Event "Moscow-2 (Women)"]
[Site "Moscow"]
[Date "1996.??.??"]
[Round "?"]
[White "Krasenkova, Ilena"]
[Black "Lymar, Irina"]
[Result "1/2-1/2"]
[WhiteElo "2155"]
[BlackElo "2210"]

1.d4 Nf6 2.c4 g6 3.Nc3 Bg7 4.e4 d6 5.Nf3 O-O 6.Be2 Nbd7 7.O-O e5 8.dxe5 dxe5
9.Qc2 c6 10.h3 Re8 11.Bg5 Qc7 12.Rfd1 Nc5 13.b4 Ne6 14.Be3 a5 15.b5 Nd7 16.Rac1 Ndc5
17.a4 Bd7 18.Rd2 Rad8 19.Rcd1 Bc8 20.Qb1 Rxd2 21.Rxd2 Rd8 22.Rxd8+ Qxd8 23.bxc6 bxc6
24.Qb8 Nd7 25.Qa8 Nd4 26.Bf1 Qc7 27.Ne2 Nxf3+ 28.gxf3 Bf8 29.h4 Nb8 30.Nc1 Bb7
31.Bb6 Qxb6 32.Qxb8 f6 33.Nd3 Kg7 34.f4 exf4 35.e5 Be7 36.Nxf4 fxe5 37.Qxe5+ Bf6
38.Qe8 Qb4 39.Ne6+ Kh6 40.Qf7 Qe7 41.Qxe7 Bxe7 42.Bg2 Ba6 43.Bf1 c5  1/2-1/2

[Event "Moscow IM2"]
[Site "Moscow"]
[Date "1996.??.??"]
[Round "?"]
[White "Dragomarezkij, Evgeni"]
[Black "Yuferov, Sergey  N"]
[Result "1/2-1/2"]
[WhiteElo "2455"]
[BlackElo "2440"]

1.Nf3 Nf6 2.c4 g6 3.Nc3 Bg7 4.e4 d6 5.d4 O-O 6.Be2 e5 7.d5 a5 8.h3 Ne8 9.Bg5 Qd7
10.g4 f5 11.exf5 gxf5 12.Nh4 f4 13.Nf5 Na6 14.Bd3 Nf6 15.Bxf6 Bxf6 16.Ne4 Bd8
17.h4 Nb4 18.Bb1 b5 19.a3 Na6 20.b3 bxc4 21.bxc4 Rb8 22.Bc2 Kh8 23.Qd3 h5
24.f3 hxg4 25.fxg4 Qh7 26.O-O-O Bxf5 27.gxf5 Qh6 28.Rdg1 Rxf5 29.Nxd6 Qxd6
30.Qxf5 Qxa3+  1/2-1/2

[Event "Moscow GM3"]
[Site "Moscow"]
[Date "1996.??.??"]
[Round "?"]
[White "Mitenkov, Alexey"]
[Black "Saltaev, Mihail"]
[Result "0-1"]
[WhiteElo "2445"]
[BlackElo "2530"]

1.d4 Nf6 2.c4 d6 3.Nc3 Nbd7 4.e4 e5 5.Nf3 g6 6.Be2 Bg7 7.O-O O-O 8.Re1 c6
9.Bf1 Qe7 10.h3 Ne8 11.b3 a6 12.Rb1 Nc7 13.Ba3 exd4 14.Nxd4 c5 15.Nde2 b5
16.Bb2 bxc4 17.bxc4 Rb8 18.Qc2 Ne5 19.Nd5 Nxd5 20.cxd5 Rxb2 21.Rxb2 Nd3 22.Qxd3 Bxb2
23.Nc3 Qe5 24.Nd1 Bd4 25.Ne3 f5 26.exf5 Bxf5 27.Qxa6 Be4 28.Re2 Qf4 29.Qa3 h5
30.Rd2 Bxd5 31.g3 Qe5 32.Nxd5 Qxd5 33.Qb3 Qxb3 34.axb3 Kg7 35.Bc4 Rf5 36.Kg2 d5
37.Bd3 Rf8 38.Bc2 Rd8 39.h4 Kf6 40.Re2 Ra8 41.f4 Ra2 42.Bd3 Ra3 43.Bc2 Ra1
44.Kf3 Rc1 45.g4 Rf1+ 46.Kg3 Rg1+ 47.Rg2 Re1 48.g5+ Kf7 49.Rd2 Re3+ 50.Kg2 Bc3
51.Rxd5 Re2+ 52.Kf3 Rxc2 53.Rxc5 Rf2+ 54.Ke4 Bb4 55.Rb5 Bd6 56.Kd5 Rd2+ 57.Ke4 Re2+
58.Kf3 Re1 59.Rb7+ Re7 60.Rb6 Ke6 61.b4 Rf7 62.Kg3 Kd5 63.b5 Bxf4+ 64.Kg2 Bd6
65.Rc6 Rb7 66.Rc3 Rxb5 67.Kh3 Be5 68.Rf3 Rb1  0-1

[Event "Moscow GM3"]
[Site "Moscow"]
[Date "1996.??.??"]
[Round "?"]
[White "Mitenkov, Alexey"]
[Black "Iordachescu, Viorel"]
[Result "1-0"]
[WhiteElo "2445"]
[BlackElo "2440"]

1.d4 Nf6 2.c4 g6 3.Nc3 Bg7 4.e4 d6 5.Be2 O-O 6.Nf3 e5 7.O-O Nbd7 8.d5 a5
9.Bg5 h6 10.Bh4 Nc5 11.Nd2 Bd7 12.b3 Re8 13.a3 Nfxe4 14.Bxd8 Nxc3 15.Qe1 Raxd8
16.b4 axb4 17.axb4 Na6 18.Nb1 Nxe2+ 19.Qxe2 e4 20.Ra3 Nxb4 21.Rb3 c5 22.dxc6 Nxc6
23.Rxb7 Nd4 24.Qd2 Be6 25.Na3 d5 26.c5 Nf5 27.Nb5 d4 28.Nc7 Re7 29.Nxe6 Rxe6
30.Rfb1 Be5 31.R1b6 Ra8 32.Qd1 Ree8 33.g3 e3 34.fxe3 dxe3 35.Qd5 Bg7 36.Qxf7+ Kh8
37.Rxg6  1-0

[Event "Moscow GM1"]
[Site "Moscow"]
[Date "1996.??.??"]
[Round "?"]
[White "Naumkin, Igor"]
[Black "Drozdov, Igor"]
[Result "1-0"]
[WhiteElo "2480"]
[BlackElo "2455"]

1.d4 Nf6 2.c4 g6 3.Nc3 Bg7 4.e4 d6 5.Nf3 O-O 6.Be2 e5 7.d5 a5 8.Bg5 h6 9.Bh4 Na6
10.Nd2 Qe8 11.O-O Nh7 12.a3 Bd7 13.b3 h5 14.f3 Bf6 15.Bf2 Qe7 16.Rb1 Bh4
17.g3 Bg5 18.Kh1 h4 19.g4 Bf4 20.Rg1 Ng5 21.Bxh4 Kg7 22.Nf1 Rh8 23.Be1 Rh3
24.Rg2 Rah8 25.b4 axb4 26.axb4 Qf6 27.Ng3 Be3 28.Rb2 Bd4 29.Qd3 c5 30.dxc6 bxc6
31.Bd1 Nc7 32.b5 Nce6 33.Qf1 Nf4 34.Rgc2 Nxf3 35.Qxf3 R8h4 36.bxc6 Bxc6 37.Ra2 Qg5
38.Nd5 Bd7 39.Qf1 Rxg4 40.Bxg4 Bxg4 41.Ra3 Qh6 42.Ne3 Be6 43.Qf3 Kh7 44.Nd5 Qh4
45.Bc3 Bc5 46.Ra8 Nh5 47.Be1 f5 48.exf5 Bxf5 49.Rg2 Rxg3 50.Bxg3 Qxc4 51.Be1 Nf4
52.Nxf4 Qe4 53.Qxe4 Bxe4 54.Re8  1-0

[Event "Moscow (Women)"]
[Site "Moscow"]
[Date "1996.??.??"]
[Round "?"]
[White "Zhurina, Elizaveta"]
[Black "Kovalevskaya, Ekaterina"]
[Result "1/2-1/2"]
[WhiteElo "2220"]
[BlackElo "2335"]

1.d4 Nf6 2.Nf3 g6 3.c4 Bg7 4.Nc3 O-O 5.e4 d6 6.Be2 Nbd7 7.O-O e5 8.Re1 c6
9.Bf1 a5 10.dxe5 dxe5 11.Na4 b6 12.Qc2 Ba6 13.b3 b5 14.Nb2 Qe7 15.Nd3 Ne8
16.Bb2 Nd6 17.Nd2 Nb7 18.a3 Nbc5 19.b4 Nxd3 20.Bxd3 axb4 21.axb4 bxc4 22.Bxc4 Bb5
23.Bc3 Nb6 24.Bxb5 cxb5 25.Nb3 Na4 26.Bd2 Rfd8 27.Nc5 Qc7 28.Be3 Bf8 29.Rac1 Nb6
30.Red1  1/2-1/2

[Event "Moscow-D"]
[Site "Moscow"]
[Date "1996.??.??"]
[Round "?"]
[White "Kiriakov, Petr"]
[Black "Gelman, Alexander"]
[Result "1/2-1/2"]
[WhiteElo "2515"]
[BlackElo "2390"]

1.d4 d6 2.Nf3 Nf6 3.c4 g6 4.Nc3 Bg7 5.e4 O-O 6.Be2 e5 7.O-O exd4 8.Nxd4 Re8
9.f3 Nc6 10.Be3 Nh5 11.Nc2 f5 12.Qd2 Be6 13.Rad1 Ne5 14.Bg5 Qd7 15.b3 Nf7
16.Be3 c5 17.exf5 Bxf5 18.Bd3 Re5 19.Nd5 Rae8 20.Qf2 Bxd3 21.Rxd3 b5 22.Na3 a6
23.Rfd1 Nf6 24.Nxf6+ Bxf6 25.f4 Re4  1/2-1/2

[Event "Moscow GM1"]
[Site "Moscow"]
[Date "1996.??.??"]
[Round "?"]
[White "Naumkin, Igor"]
[Black "Zaitsev, Igor A"]
[Result "1/2-1/2"]
[WhiteElo "2480"]
[BlackElo "2460"]

1.d4 Nf6 2.c4 g6 3.Nc3 Bg7 4.e4 d6 5.Nf3 O-O 6.Be2 e5 7.d5 a5 8.Bg5 h6 9.Bh4 Na6
10.Nd2 Qd7 11.O-O  1/2-1/2

[Event "Moscow GM1"]
[Site "Moscow"]
[Date "1996.??.??"]
[Round "?"]
[White "Fish, Gannadij"]
[Black "Drozdov, Igor"]
[Result "0-1"]
[WhiteElo "2435"]
[BlackElo "2455"]

1.d4 Nf6 2.c4 g6 3.Nc3 Bg7 4.e4 d6 5.Nf3 O-O 6.Be2 e5 7.O-O Na6 8.Be3 Ng4
9.Bg5 Qe8 10.dxe5 dxe5 11.h3 Nf6 12.Be3 b6 13.Qc2 Bb7 14.a3 Nc5 15.Bxc5 bxc5
16.Nd5 Qb8 17.Nd2 a5 18.Rfd1 Re8 19.Nb1 Nd7 20.Bg4 Nf8 21.h4 h5 22.Bh3 Bc8
23.Bxc8 Qxc8 24.Nbc3 Ne6 25.Ne2 a4 26.Rd3 Qb7 27.Rb1 c6 28.Ndc3 Qa6 29.Na2 Reb8
30.b4 axb3 31.Rdxb3 Rd8 32.Nac1 Qa4 33.Nd3 Ra7 34.Nb2 Qa5 35.Rd1 Rda8 36.g3 Qc7
37.a4 Rb7 38.Rxb7 Qxb7 39.Nd3 Rb8 40.Ra1 f5 41.Ra2 Qb1+ 42.Qxb1 Rxb1+ 43.Kg2 fxe4
44.Nb2 e3 45.fxe3 e4  0-1

[Event "Moscow IM1"]
[Site "Moscow"]
[Date "1996.??.??"]
[Round "?"]
[White "Donchenko, Anatoly G"]
[Black "Kostic, Filip"]
[Result "1-0"]
[WhiteElo "2385"]
[BlackElo "2185"]

1.c4 g6 2.Nc3 Bg7 3.Nf3 d6 4.d4 Nf6 5.e4 O-O 6.Be2 e5 7.dxe5 dxe5 8.Qxd8 Rxd8
9.Bg5 c6 10.Nxe5 Re8 11.O-O-O Kf8 12.f4 h6 13.Bh4 g5 14.Bg3 Nh7 15.Nf3 Na6
16.Rhf1 Kg8 17.e5 f6 18.exf6 Bxf6 19.Bd3 Nc5 20.Bg6 Rd8 21.Bf2 Nf8 22.Bxc5 Nxg6
23.Ne4 Kg7 24.fxg5 hxg5 25.Nxf6 Rxd1+ 26.Rxd1 Kxf6 27.Rd6+ Be6 28.Nxg5 Kxg5
29.Rxe6 Rh8 30.Be7+ Nxe7 31.Rxe7 Rxh2 32.Rxb7 Kf4 33.Rxa7 Rxg2 34.Re7 c5
35.a3 Rh2 36.Kb1 Rg2 37.Ka2 Rc2 38.Kb3 Rg2 39.Rc7 Rg5 40.Ka4 Ke4 41.Kb5 Rg2
42.Re7+ Kd4 43.Rd7+ Ke4 44.b4 cxb4 45.axb4  1-0

[Event "Moscow-C"]
[Site "Moscow"]
[Date "1996.??.??"]
[Round "?"]
[White "Panus, Victor"]
[Black "Ukolov, Aleksandr"]
[Result "0-1"]
[WhiteElo "2165"]
[BlackElo "2375"]

1.d4 Nf6 2.c4 g6 3.Nc3 Bg7 4.e4 d6 5.Nf3 O-O 6.Be2 e5 7.dxe5 dxe5 8.Qxd8 Rxd8
9.Bg5 c6 10.Nxe5 Re8 11.O-O-O Na6 12.Rd6 Be6 13.Rhd1 Nc5 14.Bxf6 Bxf6 15.f4 a5
16.Kc2 Kf8 17.b3 Ke7 18.Bf3 Bxe5 19.fxe5 Nd7 20.Nd5+ cxd5 21.cxd5 Bg4  0-1

[Event "Moscow-C"]
[Site "Moscow"]
[Date "1996.??.??"]
[Round "?"]
[White "Vasilevich, Tatjana"]
[Black "Zhidkov, Valery S"]
[Result "1/2-1/2"]
[WhiteElo "2270"]
[BlackElo "2385"]

1.d4 Nf6 2.c4 g6 3.Nc3 Bg7 4.e4 d6 5.Nf3 O-O 6.Be2 e5 7.dxe5 dxe5 8.Qxd8 Rxd8
9.Bg5 Nbd7 10.Rd1 Rf8  1/2-1/2

[Event "Moscow-D"]
[Site "Moscow"]
[Date "1996.??.??"]
[Round "?"]
[White "Iskusnyh, Sergei"]
[Black "Drozdov, Igor"]
[Result "1/2-1/2"]
[WhiteElo "2460"]
[BlackElo "2455"]

1.d4 Nf6 2.c4 g6 3.Nc3 Bg7 4.e4 d6 5.Be2 O-O 6.Nf3 e5 7.O-O Na6 8.Be3 Ng4
9.Bg5 Qe8 10.dxe5 dxe5 11.h3 Nf6  1/2-1/2

[Event "Moscow Alekhine op"]
[Site "Moscow"]
[Date "1996.??.??"]
[Round "2"]
[White "Notkin, Maksim"]
[Black "Galkin, Alexander"]
[Result "1-0"]
[WhiteElo "2515"]
[BlackElo "2420"]

1.d4 Nf6 2.c4 g6 3.Nc3 Bg7 4.e4 d6 5.Nf3 O-O 6.Be2 e5 7.Be3 c6 8.d5 Ng4 9.Bg5 f6
10.Bh4 Na6 11.Nd2 h5 12.O-O Nh6 13.f3 Nf7 14.dxc6 bxc6 15.Nb3 Bh6 16.Kh1 Be6
17.c5 Bxb3 18.axb3 Nxc5 19.Bc4 a5 20.b4 d5 21.Nxd5 cxd5 22.Bxd5 Rb8 23.bxc5 Rxb2
24.Be1 Qc7 25.c6 Ra8 26.Bxa5 Rxa5 27.Rxa5 Qxa5 28.Bxf7+ Kxf7 29.Qd7+  1-0

[Event "Moscow-ch"]
[Site "Moscow"]
[Date "1996.??.??"]
[Round "2"]
[White "Zaitsev, Mikhail"]
[Black "Loskutov, Oleg"]
[Result "0-1"]
[WhiteElo "2255"]
[BlackElo "2395"]

1.d4 Nf6 2.c4 g6 3.Nc3 Bg7 4.e4 d6 5.Nf3 O-O 6.Be2 e5 7.d5 a5 8.h3 Nh5 9.Be3 Na6
10.Nd2 Nf4 11.Bf1 Nb4 12.Nb3 a4 13.a3 Nbd3+ 14.Bxd3 Nxg2+ 15.Kd2 axb3 16.h4 f5
17.exf5 Nxe3 18.fxe3 e4 19.Bxe4 Bxf5 20.Bxf5 Rxf5 21.Qe2 Bxc3+ 22.Kxc3 Qf6+
23.Kxb3 Rf8 24.Qd2 Re8 25.Rae1 Re4 26.Qc3 Qe7 27.h5 g5 28.Rh3 g4 29.Rg3 Rxh5
30.Rf1 Rhe5 31.Rf4 h5 32.Ka2 Rxf4 33.exf4 Re1 34.f5 Qe4 35.Qf6 Qxc4+ 36.Rb3 Qxd5
37.Qg6+ Kf8 38.Qxh5 Qh1 39.Qxh1 Rxh1 40.Rg3 Rh4 41.Rb3 Rh5 42.Rxb7 g3  0-1

[Event "Moscow-ch"]
[Site "Moscow"]
[Date "1996.??.??"]
[Round "3"]
[White "Maljutin, Evgeni"]
[Black "Ukolov, Aleksandr"]
[Result "0-1"]
[WhiteElo "2495"]
[BlackElo "2375"]

1.Nf3 Nf6 2.c4 g6 3.Nc3 Bg7 4.e4 d6 5.d4 O-O 6.Be2 e5 7.dxe5 dxe5 8.Qxd8 Rxd8
9.Bg5 c6 10.Nxe5 Re8 11.Rd1 Na6 12.Nf3 Nc5 13.Nd2 h6 14.Be3 Ncxe4 15.Ndxe4 Nxe4
16.Nxe4 Rxe4 17.Rd8+ Kh7 18.b3 Bf6 19.Rd6 Bg5 20.Bxg5 hxg5 21.f3 Re8 22.Kd2 Bf5
23.h4 gxh4 24.Rxh4+ Kg7 25.Bd3 Rad8 26.Rhd4 Rxd6 27.Rxd6 Be6 28.c5 Rh8 29.Rd4 Rh2
30.Bf1 Rh5 31.Bc4 Bxc4 32.Rxc4 Rh2 33.Rg4 f5 34.Rg5 Kf6 35.f4 Rh1 36.Rg3 Rf1
37.Ke3 Ra1 38.a4 Rc1 39.Kd4 Rc2 40.Rh3 Rxg2 41.Rh7 Rg4 42.Rxb7 Rxf4+ 43.Kd3 g5
44.Rxa7 g4 45.Rc7 g3 46.Rxc6+ Kg7 47.Rc7+ Kh6 48.Rc6+ Kh5 49.Rc8 g2 50.c6 Rg4
51.Rh8+ Kg5 52.Rg8+  0-1

[Event "RUS-Cup2"]
[Site "Moscow"]
[Date "1996.??.??"]
[Round "3"]
[White "Aleksandrov, Aleksej"]
[Black "Iskusnyh, Sergei"]
[Result "1-0"]
[WhiteElo "2550"]
[BlackElo "2460"]

1.d4 Nf6 2.c4 g6 3.Nc3 Bg7 4.e4 d6 5.Be2 O-O 6.Nf3 e5 7.d5 a5 8.Nd2 Na6 9.h4 Nc5
10.h5 c6 11.g4 Qb6 12.f3 a4 13.Nf1 cxd5 14.cxd5 Bd7 15.Ne3 a3 16.bxa3 Na4
17.Nxa4 Rxa4 18.Qb3 Qc5 19.h6 Bh8 20.Nc4 b5 21.Nb2 Nxe4 22.Be3 Qc3+ 23.Qxc3 Nxc3
24.Nxa4 bxa4 25.Bd2 Nxd5 26.Rb1 e4 27.fxe4 Nf6 28.Bc3 Nxe4 29.Bxh8 Kxh8 30.Rb7 Be6
31.O-O Bxa2 32.Re7 Ng3 33.Rf6 Nxe2+ 34.Rxe2 Bb3 35.Rxd6 Kg8 36.Red2 Re8 37.Rd8 Kf8
38.g5 Be6 39.R2d4 Bb3 40.Kf2 Bc2 41.Kg3 Bb3 42.Kf4 Bc2 43.Rxe8+ Kxe8 44.Ke5  1-0

[Event "Moscow-ch"]
[Site "Moscow"]
[Date "1996.??.??"]
[Round "3"]
[White "Verner, A."]
[Black "Bitman, Alexander R"]
[Result "0-1"]
[WhiteElo "2355"]
[BlackElo "2220"]

1.d4 Nf6 2.c4 g6 3.Nc3 Bg7 4.e4 d6 5.Be2 O-O 6.Nf3 e5 7.d5 a5 8.Bg5 h6 9.Bh4 Na6
10.Nd2 Qe8 11.O-O Nh7 12.a3 h5 13.f3 Bd7 14.Qc2 Bh6 15.Nb5 Be3+ 16.Kh1 f5
17.Rab1 f4 18.b4 g5 19.Be1 axb4 20.axb4 Rf7 21.Nb3 Rg7 22.Na5 Rb8 23.Qa2 g4
24.Bh4 g3 25.Nxb7 Rxb7 26.Qxa6 Rb6 27.Qa2 gxh2 28.Nxc7 Qg6 29.Bd3 Bh3 30.Kxh2 Rxc7
31.gxh3 Rg7 32.c5 dxc5 33.d6+ Kh8 34.bxc5 Bxc5 35.Rxb6 Bxb6 36.Rd1 Bd8 37.Bc4 Nf8
38.Bf7 Rxf7 39.Rg1 Qe6 40.Qg2 Ra7 41.Bxd8 Ra2 42.Qxa2 Qxa2+ 43.Rg2 Qf7 44.Bh4 Kh7
45.Rc2 Ne6 46.Rc3 Kg6 47.Be7 Nd4 48.Ra3 Qc4 49.d7 Qe2+ 50.Kg1 Qe1+ 51.Kg2 Qg3+  0-1

[Event "RUS-Cup2"]
[Site "Moscow"]
[Date "1996.??.??"]
[Round "4"]
[White "Chekhov, Valery A"]
[Black "Komliakov, Viktor"]
[Result "1/2-1/2"]
[WhiteElo "2535"]
[BlackElo "2450"]

1.d4 d6 2.Nf3 Nf6 3.c4 g6 4.Nc3 Nbd7 5.e4 e5 6.Be2 Bg7 7.O-O O-O 8.Be3 Re8
9.Qc2 exd4 10.Nxd4 c6 11.Rad1 a6 12.Rfe1 Qe7 13.Bg5 a5 14.Bf1 Nc5 15.f3 Qc7
16.b3 Nfd7 17.Be3 Ne5 18.h3 Ned7 19.Bf2 Nf8 20.Qd2 Be6 21.f4 Bd7 22.g3 Rad8
23.Bg2 Bc8 24.Qc2 h5 25.a3 Nh7 26.b4 axb4 27.axb4 Ne6 28.Nxe6 Bxe6 29.Na4 Qe7
30.c5 h4 31.g4 g5 32.f5 Bc8 33.Nb6 dxc5 34.bxc5 Rxd1 35.Rxd1 Be5 36.Qd2 Nf8
37.Be3 f6 38.Nc4 Nd7 39.Nd6 Bxd6 40.cxd6 Qf7 41.Bd4 Kh7 42.Ba1 Kh6 43.Kh1 Qb3
44.Re1 Qf7 45.Rd1 Qb3 46.Re1 Qf7  1/2-1/2

[Event "Moscow-ch"]
[Site "Moscow"]
[Date "1996.??.??"]
[Round "4"]
[White "Bitman, Alexander R"]
[Black "Loskutov, Oleg"]
[Result "0-1"]
[WhiteElo "2220"]
[BlackElo "2395"]

1.d4 Nf6 2.Nf3 g6 3.c4 Bg7 4.Nc3 O-O 5.e4 d6 6.Be2 e5 7.d5 a5 8.Bg5 h6 9.Be3 Ng4
10.Bc1 f5 11.exf5 gxf5 12.g3 Na6 13.Nh4 Nf6 14.O-O Nc5 15.f4 exf4 16.Bxf4 Nfe4
17.Nxe4 Nxe4 18.Qc2 c6 19.Bd3 cxd5 20.cxd5 Qb6+ 21.Kh1 Qxb2 22.Bxe4 fxe4
23.Qxb2 Bxb2 24.Bxh6 Bh3 25.Rxf8+ Rxf8 26.Bxf8 Bxa1 27.Bxd6 Bd4 28.Bf4 b5
29.Bd2 b4 30.Ng2 Bxg2+ 31.Kxg2 e3 32.Bc1 e2 33.Bd2 Bc3 34.Kf2 Bxd2 35.Kxe2 Bg5
36.Kd3 a4 37.Kc2 Kf7 38.h4 Bf6 39.h5 Bg5 40.g4 Ke7  0-1

[Event "Moscow Alekhine op"]
[Site "Moscow"]
[Date "1996.??.??"]
[Round "4"]
[White "Dragomarezkij, Evgeni"]
[Black "Vorobiov, Evgeny E"]
[Result "1-0"]
[WhiteElo "2455"]
[BlackElo "2320"]

1.Nf3 Nf6 2.c4 g6 3.Nc3 Bg7 4.e4 d6 5.d4 O-O 6.Be2 e5 7.d5 a5 8.h3 Na6 9.Be3 Nc5
10.Nd2 Ne8 11.O-O f5 12.exf5 gxf5 13.f4 e4 14.Rf2 Nf6 15.Nf1 Na6 16.Qd2 Qe7
17.Nb5 b6 18.Bd4 Qf7 19.Ne3 h5 20.Kh2 Qg6 21.g3 Kf7 22.Rg1 Rh8 23.Ng2 Bd7
24.Nh4 Qh7 25.Nc3 Nc5 26.Rff1 Qg8 27.Nd1 Rh6 28.Ne3 Qh7 29.Rg2 Bf8 30.Kg1 Be7
31.Rff2 Rg8 32.Qc3 Ne8 33.Nf1 Nf6 34.b3 Bd8 35.Ne3 Ne8 36.Kf1 Rxg3 37.Nhxf5 Bxf5
38.Rxg3 Bh4 39.Nxf5 Qxf5 40.Rg5 Qc8 41.Rfg2  1-0

[Event "RUS-Cup2"]
[Site "Moscow"]
[Date "1996.??.??"]
[Round "4"]
[White "Shipov, Sergei"]
[Black "Vorobiov, Evgeny E"]
[Result "1-0"]
[WhiteElo "2535"]
[BlackElo "2440"]

1.Nf3 Nf6 2.c4 g6 3.Nc3 Bg7 4.e4 d6 5.d4 O-O 6.Be2 e5 7.Be3 c6 8.d5 Ng4 9.Bg5 f6
10.Bh4 h5 11.Nd2 Nh6 12.f3 Nf7 13.Bd3 Bh6 14.Qe2 c5 15.a3 a5 16.O-O-O Kg7
17.Kb1 Na6 18.Bc2 Nc7 19.Bf2 Bd7 20.Ba4 Rb8 21.Bxd7 Qxd7 22.a4 Rh8 23.g3 Qh3
24.Be3 Bxe3 25.Qxe3 b6 26.Nb5 Rb7 27.Rdf1 Rf8 28.Qe2 Ne8 29.Rhg1 Nh6 30.g4 hxg4
31.fxg4 Nf7 32.Rg3 Qh6 33.Nf3 Ng5 34.h4 Nxf3 35.Qxf3 Rbf7 36.Rh3 Rh8 37.Nc3 Qd2
38.Rf2 Qf4 39.Qg2 Qh6 40.Nd1 Kf8 41.Ne3 Ke7 42.Qf1 Qf8 43.h5 Rfh7 44.Qd1 Kd7
45.Qb3 Kc7 46.Qb5 Kb7 47.Nc2 Ka7 48.Na3 Qe7 49.Rb3 Qb7 50.hxg6 Rg7 51.Qc6 Qxc6
52.dxc6 Rxg6 53.Nb5+ Kb8 54.Nc3 Rxg4 55.Rxb6+ Kc8 56.Nd5 Rxe4 57.Rb7  1-0

[Event "Kasparov Cup op"]
[Site "Moscow"]
[Date "1996.??.??"]
[Round "5"]
[White "Cmilyte, Viktorija"]
[Black "Kostin, Sergei"]
[Result "1/2-1/2"]
[WhiteElo "2110"]
[BlackElo "2195"]

1.d4 Nf6 2.c4 g6 3.Nc3 Bg7 4.e4 d6 5.Nf3 O-O 6.Be2 e5 7.d5 a5 8.Bg5 h6 9.Bh4 Na6
10.O-O Qe8 11.Nd2 Nh7 12.a3 Bd7 13.b3 h5 14.f3 Bh6 15.Bf2 Qe7 16.Qc2 Qg5
17.Rfd1 f5 18.Rab1 h4 19.b4 axb4 20.axb4 f4 21.Kh1 h3 22.Rg1 b6 23.gxh3 Qh5
24.h4 g5 25.Qb2 Nb8 26.c5 bxc5 27.bxc5 Bc8 28.cxd6 cxd6 29.Qb6 Nd7 30.Qxd6 Rf6
31.Qc7 Bf8 32.hxg5 Rg6 33.Bb5 Rg7 34.Bxd7 Bxd7 35.Qc5 Nxg5 36.Rb7 Re8  1/2-1/2

[Event "Moscow-ch"]
[Site "Moscow"]
[Date "1996.??.??"]
[Round "5"]
[White "Kiselev, Sergey"]
[Black "Bujakevich, Aleksandr"]
[Result "0-1"]
[WhiteElo "2545"]
[BlackElo "2300"]

1.d4 Nf6 2.c4 g6 3.Nc3 Bg7 4.e4 d6 5.Nf3 O-O 6.Be2 e5 7.Be3 Nbd7 8.O-O c6
9.Re1 Ng4 10.Bg5 f6 11.Bc1 f5 12.d5 c5 13.Ng5 Nb6 14.a4 f4 15.Ne6 Bxe6 16.dxe6 Nf6
17.a5 Nc8 18.Qb3 Rb8 19.Rd1 Qe7 20.Qa4 Qxe6 21.f3 Nd7 22.b4 Rf7 23.Ba3 Bf8
24.Rd2 Ne7 25.b5 g5 26.Rad1 Ng6 27.Nd5 h5 28.h3 Rg7 29.Rd3 Nh8 30.R1d2 Rd8
31.Qd1 Nf7 32.Bb2 Re8 33.b6 a6 34.Bc3 Qh6 35.Nc7 Nb8 36.Rd5 Nc6 37.Qa4 Nfd8
38.Nxe8 Rg6 39.Qd1 Nd4 40.Bxd4 cxd4 41.c5 dxc5 42.Qb3 Kh8 43.Rd7 Re6 44.Nc7 Re7
45.Qd5 Nc6 46.Rd6 Qh7 47.Bxa6 Rxc7 48.Bxb7 Bxd6 49.Bc8 Rxc8 50.Qxd6 Nxa5
51.Qxe5+ Qg7 52.Qf5 Rc6 53.Ra2 Rf6 54.Qxc5 Nb7 55.Qxd4 Rd6 56.Qb4 Rd1+ 57.Kh2 g4
58.fxg4 hxg4 59.g3 fxg3+ 60.Kxg3 gxh3+ 61.Kf4 Qf6+ 62.Ke3 Qg5+ 63.Ke2  0-1

[Event "Moscow-ch"]
[Site "Moscow"]
[Date "1996.??.??"]
[Round "5"]
[White "Donchenko, Anatoly G"]
[Black "Vorobiov, Evgeny E"]
[Result "1-0"]
[WhiteElo "2370"]
[BlackElo "2440"]

1.Nf3 Nf6 2.c4 g6 3.Nc3 Bg7 4.e4 d6 5.d4 O-O 6.Be2 e5 7.dxe5 dxe5 8.Qxd8 Rxd8
9.Bg5 Na6 10.Nd5 Rd6 11.Bxf6 Bxf6 12.Nxf6+ Rxf6 13.Nxe5 Re6 14.f4 Nc5 15.O-O-O f6
16.Rd8+ Kg7 17.b4 Nxe4 18.Bg4 Rd6 19.Rxc8 Rxc8 20.Bxc8 fxe5 21.fxe5 Rd4 22.a3 b6
23.Rd1 Rxc4+ 24.Kb2 Nc3 25.Rd7+ Kf8 26.Rxh7 b5 27.e6 Na4+ 28.Kb1 c5 29.Rf7+ Ke8
30.Bd7+ Kd8 31.Bc6  1-0

[Event "Moscow Alekhine op"]
[Site "Moscow"]
[Date "1996.??.??"]
[Round "6"]
[White "Notkin, Maksim"]
[Black "Zakharevich, Igor"]
[Result "1-0"]
[WhiteElo "2515"]
[BlackElo "2435"]

1.d4 Nf6 2.c4 g6 3.Nc3 Bg7 4.e4 d6 5.Nf3 O-O 6.Be2 e5 7.O-O Qe8 8.dxe5 dxe5
9.Be3 b6 10.h3 Bb7 11.Qc2 Nc6 12.Rad1 Nh5 13.Nd5 Rc8 14.c5 f5 15.b4 fxe4
16.Ng5 Nd4 17.Bxd4 Bxd5 18.Be3 Rd8 19.cxb6 axb6 20.Bc4 Nf6 21.Nxe4 Bxc4 22.Rxd8 Qxd8
23.Qxc4+ Kh8 24.Nxf6 Bxf6 25.a4 Qd6 26.a5 Be7 27.Rb1 Rb8 28.a6 Ra8 29.b5 Qd8  1-0

[Event "Moscow-ch"]
[Site "Moscow"]
[Date "1996.??.??"]
[Round "6"]
[White "Zhurina, Elizaveta"]
[Black "Enderjukova, Aelita"]
[Result "1-0"]
[WhiteElo "2310"]
[BlackElo "2145"]

1.d4 Nf6 2.Nf3 g6 3.c4 Bg7 4.Nc3 O-O 5.e4 d6 6.Be2 e5 7.O-O Nbd7 8.Re1 Re8
9.d5 h6 10.Bf1 Nh7 11.g3 f5 12.Nh4 Ndf8 13.exf5 gxf5 14.Bh3 f4 15.Bxc8 fxg3
16.hxg3 Qxc8 17.Ne4 Qd7 18.Qh5 Qf7 19.Qg4 Nf6 20.Nxf6+ Qxf6 21.Nf5 Kh7 22.Kg2 Ng6
23.Rh1 Rf8 24.Rh5 Rf7 25.Bxh6 Kg8 26.Bxg7 Rxg7 27.Nxg7 Kxg7 28.Rah1 Rf8 29.Rh7+ Kg8  1-0

[Event "Moscow Alekhine op"]
[Site "Moscow"]
[Date "1996.??.??"]
[Round "6"]
[White "Maljutin, Evgeni"]
[Black "Ulko, Jaroslav"]
[Result "1-0"]
[WhiteElo "2495"]
[BlackElo "2375"]

1.d4 Nf6 2.c4 g6 3.Nc3 Bg7 4.e4 d6 5.Nf3 O-O 6.Be2 e5 7.dxe5 dxe5 8.Qxd8 Rxd8
9.Bg5 Re8 10.Nd5 Nxd5 11.cxd5 c6 12.Bc4 cxd5 13.Bxd5 Nc6 14.O-O-O h6 15.Be3 Bf8
16.Rd2 Kg7 17.Rhd1 Bb4 18.Rc2 f5 19.Bxc6 bxc6 20.Nxe5 c5 21.Nc4 Rxe4 22.a3 f4
23.f3 Rxe3 24.Nxe3 fxe3 25.axb4 Bf5 26.Rxc5 e2 27.Re1 Bd3 28.Kd2 Rd8 29.Rc7+ Kf6
30.Rxa7 Bc4+ 31.Ke3 Rd3+ 32.Kf2 Rb3 33.Rc1 Rxb4 34.Rc7 Bb5 35.Rb7 Rxb2 36.Rb6+ Ke7
37.Rc7+ Kd8 38.Rh7 Kc8 39.Rxg6  1-0

[Event "Moscow-ch"]
[Site "Moscow"]
[Date "1996.??.??"]
[Round "6"]
[White "Kiselev, Sergey"]
[Black "Radzhabov, ShT"]
[Result "1-0"]
[WhiteElo "2545"]
[BlackElo "2245"]

1.d4 Nf6 2.c4 g6 3.Nc3 Bg7 4.e4 d6 5.Nf3 O-O 6.Be2 e5 7.Be3 c6 8.d5 Ng4 9.Bg5 f6
10.Bh4 h5 11.Nd2 a5 12.h3 Nh6 13.g4 g5 14.Bg3 h4 15.Bh2 Rf7 16.Nf1 Na6 17.Ne3 Nc5
18.b3 Bf8 19.Qd2 Bd7 20.f3 Be8 21.Bg1 Rd7 22.Bf2 Bf7 23.O-O Na6 24.Rab1 c5
25.a3 b6 26.Rb2 Be8 27.Rfb1 Rb7 28.Nc2 Rab8 29.b4 axb4 30.axb4 Qc8 31.Ra1 Nc7
32.Rab1 Be7 33.Rb3 Nf7 34.Qc1 Bd7 35.R1b2 Nd8 36.Kg2 Kf7 37.Qb1 Kg7 38.Be3 Kf7
39.Bd2 Kg7 40.Ne3 Kg8 41.bxc5 bxc5 42.Nb5 Nf7 43.Nd1 Nxb5 44.cxb5 Bd8 45.Ne3 Bb6
46.Ra2 Qc7 47.Nc4 Ra7 48.Rba3 Rxa3 49.Rxa3 Nh8 50.Ra6 Ng6 51.Bf1 Ne7 52.Nxb6 Rxb6
53.Ba5 Nc8 54.Qb2 Kf7 55.Qc3 Qb7 56.Bxb6 Nxb6 57.Qa5 Nc8 58.b6 Ke7 59.Bb5 Kd8
60.Ra7  1-0

[Event "RUS-Cup2"]
[Site "Moscow"]
[Date "1996.??.??"]
[Round "7"]
[White "Shipov, Sergei"]
[Black "Fedorov, Alexei"]
[Result "1/2-1/2"]
[WhiteElo "2535"]
[BlackElo "2555"]

1.d4 Nf6 2.c4 g6 3.Nc3 Bg7 4.e4 d6 5.Nf3 O-O 6.Be2 e5 7.Be3 Ng4 8.Bg5 f6
9.Bh4 Nc6 10.d5 Ne7 11.Nd2 h5 12.O-O c5 13.dxc6 bxc6 14.b4 Be6 15.b5 d5 16.bxc6 dxe4
17.Ndxe4 Nxc6 18.Nc5  1/2-1/2